LDR 00569naa#a2200169#i#450# 001 EN\\bibl\120386 005 20260606000724.6 011 ## _a1998-6785 100 ## _a20220321b2022####ek#y0engy0150####ca 102 ## _aRU 200 1# _aPostmodern, spatial turn and native socioeconomic geography _eJournal article 210 1# _aVladivostok _cVladivostok State University _d2022 215 ## _a15 с. 608 ## _aJournal article _2local 675 ## _aГеография человека. География культуры. 911.3 _z 700 #1 _aDemyanenko _gAlexander N 856 4# _avvgu.editorum.ru _u